ბათუმის შოთა რუსთაველის სახელმწიფო უნივერსიტეტის ბიბლიოთეკა

სტომატოლოგიური პათოლოგია : (ბიბ.ჩანაწერი № 53510)

000 -ლიდერი
ფიქსირებული სიგრძის საკონტროლო ველი 01104nam a2200253Ia 4500
001 - საკონტროლო ნომერი
საკონტროლო ველი 20556
003 - საკონტროლო ნომრის იდენტიფიკატორი
საკონტროლო ველი GE_BSU
005 - ბოლო ოპერაციის თარიღი და დრო
საკონტროლო ველი 20200129165850.0
008 - ფიქსირებული სიგრძის მონაცემთა ელემენტები - ზოგადი ინფორმაცია
ფიქსირებული სიგრძის საკონტროლო ველი 181216s2010||||ge |||||||||||||| ||geo||
020 ## - წიგნის საერთაშორისო სტანდარტული ნომერი
International Standard Book Number 9994009281
040 ## - კატალოგიზაციის წყარო
Transcribing agency GE_BSU
041 ## - ენის კოდი
Language code of text/sound track or separate title geo
080 ## - უნივერსალური ათობითი კლასიფიკაციის ინდექსი
Universal Decimal Classification number 616-31(075.8) კ-80
100 ## - მთავარი ჩანაწერი - პიროვნების სახელი
Personal name კოჭლამაზაშვილი, ბ.
9 (RLIN) 6502
245 ## - ცნობა სათაურის შესახებ
Title სტომატოლოგიური პათოლოგია :
Remainder of title სახელმძღვ. /
Statement of responsibility, etc ბ. კოჭლამაზაშვილი, გ. ბურკაძე ; რედ. ზაზა ავალიანი.
250 ## - გამოცემის ცნობა
Edition statement მე-2 შევსებული და შესწორებული გამოცემა.
264 ## - წარმოების, გამოცემის, დისტრიბუციის და სხვა ცნობები
გამოცემის, წარმოების, დისტრიბუციის... ადგილი თბ.,
გამოცემის, წარმოების, დისტრიბუციის... თარიღი 2010.
300 ## - ფიზიკური აღწერა
Extent 89 გვ. :
Other physical details სურ., ცხრ. ;
Dimensions 28 სმ.
653 ## - INDEX TERM--UNCONTROLLED
Uncontrolled term მედიცინა
653 ## - INDEX TERM--UNCONTROLLED
Uncontrolled term სტომატოლოგია
700 ## - ADDED ENTRY--PERSONAL NAME
Personal name ბურკაძე, გ.
Relator term ავტორი
9 (RLIN) 6503
700 ## - ADDED ENTRY--PERSONAL NAME
Personal name ავალიანი, ზაზა
Relator term რედაქტორი
9 (RLIN) 6504
942 ## - ADDED ENTRY ELEMENTS (KOHA)
Koha item type წიგნი
Source of classification or shelving scheme
ეგზემპლარები
ჩამოწერის სტატუსი დაკარგული ეგზემპლარის სტატუსი კლასიფიკაციის წყარო ან თაროზე გაწყობის სქემა დაზიანების სტატუსი არ გაიცემა მუდმივი მდებარეობა (დაცვის ადგილი) ამჟამინდელი ადგილსამყოფელი თაროზე განთავსების ადგილი შეძენის თარიღი ღირებულება, შესყიდვის ნორმალური ფასი სრული შენახვის შიფრი შტრიხკოდი ბოლო ოპერაციის თარიღი ეგზემპლარის მიმდევრობითი ნომერი (კეტერი?) ფასის ძალაში შესვლის თარიღი ეგზემპლარის სახეობა საჯარო შენიშვნა
          ბათუმის შოთა რუსთაველის სახელმწიფო უნივერსიტეტის მთავარი ბიბლიოთეკა ბათუმის შოთა რუსთაველის სახელმწიფო უნივერსიტეტის მთავარი ბიბლიოთეკა წიგნსაცავი 2018-12-17 14.70 616-31(075.8) კ-80 53715 2018-12-17 53715 2018-12-17 წიგნი 14 ლ. 70 თ.
          ბათუმის შოთა რუსთაველის სახელმწიფო უნივერსიტეტის მთავარი ბიბლიოთეკა ბათუმის შოთა რუსთაველის სახელმწიფო უნივერსიტეტის მთავარი ბიბლიოთეკა წიგნსაცავი 2018-12-17 14.70 616-31(075.8) კ-80 53716 2018-12-17 53716 2018-12-17 წიგნი 14 ლ.70 თ.
          ბათუმის შოთა რუსთაველის სახელმწიფო უნივერსიტეტის მთავარი ბიბლიოთეკა ბათუმის შოთა რუსთაველის სახელმწიფო უნივერსიტეტის მთავარი ბიბლიოთეკა წიგნსაცავი 2018-12-17 14.70 616-31(075.8) კ-80 53717 2018-12-17 53717 2018-12-17 წიგნი 14 ლ.70 თ.
          ბათუმის შოთა რუსთაველის სახელმწიფო უნივერსიტეტის მთავარი ბიბლიოთეკა ბათუმის შოთა რუსთაველის სახელმწიფო უნივერსიტეტის მთავარი ბიბლიოთეკა წიგნსაცავი 2018-12-17 14.70 616-31(075.8) კ-80 53718 2018-12-17 53718 2018-12-17 წიგნი 14 ლ.70 თ.
          ბათუმის შოთა რუსთაველის სახელმწიფო უნივერსიტეტის მთავარი ბიბლიოთეკა ბათუმის შოთა რუსთაველის სახელმწიფო უნივერსიტეტის მთავარი ბიბლიოთეკა წიგნსაცავი 2018-12-17 14.70 616-31(075.8) კ-80 53719 2018-12-17 53719 2018-12-17 წიგნი 14 ლ.70 თ.
          ბათუმის შოთა რუსთაველის სახელმწიფო უნივერსიტეტის მთავარი ბიბლიოთეკა ბათუმის შოთა რუსთაველის სახელმწიფო უნივერსიტეტის მთავარი ბიბლიოთეკა წიგნსაცავი 2018-12-17 14.70 616-31(075.8) კ-80 53720 2018-12-17 53720 2018-12-17 წიგნი 14 ლ.70 თ.
          ბათუმის შოთა რუსთაველის სახელმწიფო უნივერსიტეტის მთავარი ბიბლიოთეკა ბათუმის შოთა რუსთაველის სახელმწიფო უნივერსიტეტის მთავარი ბიბლიოთეკა წიგნსაცავი 2018-12-17 14.70 616-31(075.8) კ-80 53721 2018-12-17 53721 2018-12-17 წიგნი 14 ლ.70 თ.
          ბათუმის შოთა რუსთაველის სახელმწიფო უნივერსიტეტის მთავარი ბიბლიოთეკა ბათუმის შოთა რუსთაველის სახელმწიფო უნივერსიტეტის მთავარი ბიბლიოთეკა წიგნსაცავი 2018-12-17 14.70 616-31(075.8) კ-80 53722 2018-12-17 53722 2018-12-17 წიგნი 14 ლ.70 თ.
          ბათუმის შოთა რუსთაველის სახელმწიფო უნივერსიტეტის მთავარი ბიბლიოთეკა ბათუმის შოთა რუსთაველის სახელმწიფო უნივერსიტეტის მთავარი ბიბლიოთეკა წიგნსაცავი 2018-12-17 14.70 616-31(075.8) კ-80 53723 2018-12-17 53723 2018-12-17 წიგნი 14 ლ.70 თ.
          ბათუმის შოთა რუსთაველის სახელმწიფო უნივერსიტეტის მთავარი ბიბლიოთეკა ბათუმის შოთა რუსთაველის სახელმწიფო უნივერსიტეტის მთავარი ბიბლიოთეკა წიგნსაცავი 2018-12-17 14.70 616-31(075.8) კ-80 53724 2018-12-17 53724 2018-12-17 წიგნი 14 ლ.70 თ.